00561nam a2200157 i 450000100060000000300090000600500170001500700030003200800410003510000300007624501060010626000570021250000590026971000410032885200340036926485ES-MaACL20230906153441.0t|030109s1940 sp ||||1| spa d1 aAunós Pérez, Antonio.13aEl problema social en el derecho moderno b: conferencia / cpronunciada por Antonio Aunós Pérez. aBarcelona : b[s.n., c1940] (eBarcelona : fNagsa) aPrecede a tít.: Servicio Sindical de Cultura Social.2 aServicio Sindical de Cultura Social. aES-MaACLj1832-F-16 bR.19270